<?xml version="1.0" encoding="UTF-8"?>
<record
    xmlns:xsi="http://www.w3.org/2001/XMLSchema-instance"
    xsi:schemaLocation="http://www.loc.gov/MARC21/slim http://www.loc.gov/standards/marcxml/schema/MARC21slim.xsd"
    xmlns="http://www.loc.gov/MARC21/slim">

  <leader>01345nam a22002535i 4500</leader>
  <controlfield tag="001">159070</controlfield>
  <controlfield tag="003">ES-MaACL</controlfield>
  <controlfield tag="005">20260304142415.0</controlfield>
  <controlfield tag="008">040908m19001902fr           |||| | fre d</controlfield>
  <datafield tag="100" ind1="1" ind2=" ">
    <subfield code="a">Marx, Karl, </subfield>
    <subfield code="d">1818-1883</subfield>
    <subfield code="9">78590</subfield>
  </datafield>
  <datafield tag="245" ind1="1" ind2="3">
    <subfield code="a">Le capital : </subfield>
    <subfield code="b">critique de l'&#xE9;conomie politique / </subfield>
    <subfield code="c">par Karl Marx ; avec une pr&#xE9;face de Friedrich Engels.</subfield>
  </datafield>
  <datafield tag="260" ind1=" " ind2=" ">
    <subfield code="a">Paris : </subfield>
    <subfield code="b">V. Giard &amp; E. Bri&#xE8;re, </subfield>
    <subfield code="c">1900-1902.</subfield>
  </datafield>
  <datafield tag="300" ind1=" " ind2=" ">
    <subfield code="a">3 v. ; </subfield>
    <subfield code="c">22 cm.</subfield>
  </datafield>
  <datafield tag="490" ind1="1" ind2=" ">
    <subfield code="a">Biblioth&#xE8;que socialiste internationale / publi&#xE9; sous la direction de Alfred Bonnet ; </subfield>
    <subfield code="v">3-5</subfield>
  </datafield>
  <datafield tag="505" ind1="8" ind2=" ">
    <subfield code="a">Contiene: I. Livre II: Le proc&#xE8;s de circulation du capital / traduit a l'Institut des Sciences Sociales de Bruxelles par Julian Borchardt et Hippolyte Vanderrydt (XXII, 591 p.) - II-III: Livre III: Le proc&#xE8;s d'ensemble de la production capitaliste / traduit a l'Institut des Sciences (2 v.; XXIV, 521; 596 [i.e. 496] p.)</subfield>
  </datafield>
  <datafield tag="650" ind1=" " ind2="7">
    <subfield code="a">Econom&#xED;a</subfield>
    <subfield code="2">embne</subfield>
    <subfield code="9">12006</subfield>
  </datafield>
  <datafield tag="650" ind1=" " ind2="4">
    <subfield code="a">Capital.</subfield>
    <subfield code="9">10758</subfield>
  </datafield>
  <datafield tag="700" ind1="1" ind2=" ">
    <subfield code="a">Engels, Friedrich.</subfield>
    <subfield code="9">47225</subfield>
  </datafield>
  <datafield tag="700" ind1="1" ind2=" ">
    <subfield code="a">Borchardt, Julian.</subfield>
    <subfield code="9">126080</subfield>
  </datafield>
  <datafield tag="700" ind1="1" ind2=" ">
    <subfield code="a">Vanderrydt, Hippolyte.</subfield>
    <subfield code="9">133546</subfield>
  </datafield>
  <datafield tag="830" ind1="1" ind2=" ">
    <subfield code="a">Biblioth&#xE8;que socialiste internationale / publi&#xE9;e sous la direction de Alfred Bonnet</subfield>
    <subfield code="v">3-5</subfield>
    <subfield code="9">221691</subfield>
  </datafield>
  <datafield tag="852" ind1=" " ind2=" ">
    <subfield code="a">ES-MaACL</subfield>
    <subfield code="j">B-1833-35   </subfield>
    <subfield code="z">- Enc. pasta espa&#xF1;ola   </subfield>
    <subfield code="z">- Enc. con cada v. cat&#xE1;logo de ed.</subfield>
  </datafield>
  <datafield tag="999" ind1=" " ind2=" ">
    <subfield code="c">159070</subfield>
    <subfield code="d">159070</subfield>
  </datafield>
  <datafield tag="952" ind1=" " ind2=" ">
    <subfield code="0">0</subfield>
    <subfield code="1">0</subfield>
    <subfield code="4">0</subfield>
    <subfield code="7">0</subfield>
    <subfield code="8">LIBXIX</subfield>
    <subfield code="a">ATENEOM</subfield>
    <subfield code="b">ATENEOM</subfield>
    <subfield code="c">SPB</subfield>
    <subfield code="d">2008-01-17</subfield>
    <subfield code="e">SSC</subfield>
    <subfield code="l">0</subfield>
    <subfield code="o">B-1833-1835</subfield>
    <subfield code="p">1166523</subfield>
    <subfield code="r">2023-02-23 00:00:00</subfield>
    <subfield code="w">2023-02-23</subfield>
    <subfield code="y">MONANT</subfield>
  </datafield>
</record>
